000
00358nam a2200157Ia 4500
008
100204s9999 xx 000 0 und d
082
_b
28681
100
_a
गाडे सोपान
245
_a
साहेब
250
_a
0
260
_c
2007-2
300
_a
220
630
_a
साहेब
730
_a
साहेब
942
_c
BOOK
999
_c
473848
_d
473845